Pays plus que riche que la France - Mort subite - Statistiques

Statistiques générales
  • Ce quiz a été pris 68 fois
  • Le résultat moyen est 3 sur 8
Answers on the Grid
Answers color-coded by a green-red scale on the quiz's grid according to % correct below.
Etats-Unis
Chine
Inde
Russie
Japon
Allemagne
Indonésie
Brésil
Royaume-Uni
Arabie Saoudite
Turquie
Mexique
Corée du Sud
Pakistan
Israël
Canada
 
Statistiques - réponses
Réponse % Correct
Etats-Unis
73%
Chine
57%
Japon
57%
Allemagne
48%
Inde
27%
Russie
25%
Brésil
14%
Indonésie
5%
Aucun quiz correspondant
Distribution des résultats
% des personnes avec chaque résultat
Percentile par nombre de réponses
Votre historique - résultats
Vous n’avez pas pris ce quiz